000 00560nam a22002177a 4500
005 20010101013042.0
008 010101b xxu||||| |||| 00| 0 eng d
020 _a9788132110132
_c395
040 _aLoreto College
041 _aEnglish
082 _a302.23
_bBER
100 _aBerger, Arthur Asa
245 _aMedia analysis techniques
_cArthur Asa Berger
250 _a4th ed
260 _aNew Delhi
_bSage
_c2012
300 _axv,260p
_b23 cm
504 _aIncludes references and index
650 _aMedia Studies
850 _aLCLIB
942 _cBK
999 _c40050
_d90529